Statistiken für Länder nach Bild #4

Klicken Sie hier um das Quiz zu spielen!

Allgemein

  • Dieses Quiz wurde 920 mal gespielt
  • Das Durchschnittsergebnis liegt bei 8 aus 15

Antwortstatistiken

Answer % Korrekt
Griechenland
98%
Nordkorea
94%
Italien
93%
Nepal
74%
China
65%
Marokko
50%
Birma
45%
Belgien
40%
Portugal
38%
Mexiko
37%
Sudan
35%
Mali
26%
Pakistan
23%
Monaco
22%
Sri Lanka
16%

Verteilung der Resultate

Perzentil nach korrekt beantworteten Fragen

Anzahl Personen mit jedem Resultat

Ihre Resultats-Entwicklung

Sie haben dieses Quiz noch nicht gespielt